| 000 | 00610nam a2200217Ii 4500 | ||
|---|---|---|---|
| 003 | JO-AjNU | ||
| 008 | 230606s9999||||xx |||||||||||||| ||und|| | ||
| 020 | _a978-1-265-37393-1 | ||
| 040 |
_aJO-AjNU _beng _erda _cJO-AjNU |
||
| 041 | _aeng | ||
| 050 | 1 | 4 | _aHD 30.2.B3573 2020 |
| 100 | 3 |
_aBaltzan, Paige, _eauthor _96366 |
|
| 245 | 0 | 0 | _aInformation SYSTEMS |
| 250 | _a6 ed | ||
| 264 | 3 | 1 | _aNew york: Mc Graw-Hill,2020 |
| 300 | _a322p | ||
| 336 |
_atext _btxt _2rdacontent |
||
| 337 |
_aunmediated _bn _2rdamedia |
||
| 338 |
_avolume _bnc _2rdacarrier |
||
| 650 | 4 |
_aInformatiom technology-Management _96367 |
|
| 999 |
_aE3301 _c3297 _d3297 |
||